La poesía de García Lorca /
Сохранить в:
| Главный автор: | |
|---|---|
| Формат: | Неизвестно |
| Язык: | Spanish |
| Предметы: | |
| Метки: |
Добавить метку
Нет меток, Требуется 1-ая метка записи!
|
MARC
| LEADER | 000000000a22000000004500 | ||
|---|---|---|---|
| 001 | 007199 | ||
| 041 | 0 | |a spa | |
| 100 | 1 | |a García Lorca, Federico, |d 1898-1936 | |
| 245 | 1 | 3 | |a La poesía de García Lorca / |c Federico García Lorca. |
| 500 | |a Acompañado de ocho dibujos realizados por Federico García Lorca | ||
| 650 | 4 | |a LITERATURA ESPAÑOLA | |
| 650 | 4 | |a POESÍA | |
| 773 | 0 | |x 1013-9060 |d San José, Costa Rica : Editorial de la Universidad Estatal a Distancia |t Revista Nacional de Cultura |g número 33 (1998), páginas 15-40 | |
| 942 | |c ARC | ||
| 999 | |c 13317 |d 13317 | ||
